Безсмъртните мисли на Монтен (Запис номер 133984)
[ съкратено ]
| 000 -Лидер | |
|---|---|
| Контролно поле с фиксирана дължина | 02188nam a2200469 a 4500 |
| 003 - Код на организацията, давaща контролен номер | |
| Контролно поле | BLK |
| 005 - Дата и час на последна редакция | |
| Контролно поле | 20250330004146.0 |
| 008 - Елементи от данни с фиксирана дължина | |
| fixed length control field | 180409b bul|||||r ||||||| ||bul|| |
| 010 ## - Наследен системен номер | |
| LC control number | KNG00139888000 |
| 040 ## - Източник на каталожния запис | |
| Идентификатор на билиотеката - собственик на записа | BLK |
| 041 ## - Код за език | |
| Код за езика на текст/звукозапис или на отделно заглавие | Български |
| Код за езика КДБФ | Български |
| 080 ## - УДК | |
| Текстов определител УДК | Обща история на философията |
| УДК код - определител по УДК | 101(091) |
| УДК определител | (44) |
| УДК - код + определител | 101(091)(44) |
| 080 ## - УДК | |
| Текстов определител УДК | Френска литература |
| УДК код - определител по УДК | 821.133.1 |
| УДК определител | -84 |
| УДК - код + определител | 821.133.1-84 |
| 100 1# - Редна дума - Автор | |
| Автор | Монтен, Мишел дьо |
| Авторска отговорност | първи автор |
| R(LIN) | 98988 |
| 139 ## - Редно поле | |
| Редна дума | Монтен, Мишел дьо |
| Авторски знак | Мони - М 87 |
| 245 10 - Сведения за заглавието | |
| Заглавие | Безсмъртните мисли на Монтен |
| Редно поле (дума) | Мишел дьо Монтен; представени от Андре Жид; прев. от ориг. Атанас Христов Далчев; предг. от Михаил Петров Арнаудов. |
| 257 ## - Страна на издаване | |
| Страна на създаване/издаване | Франция |
| 260 ## - Област на издателските данни | |
| Име на издателя, разпространителя и проч. | Светослав Славянски |
| Година на издаване | 1942 |
| Място на издаване, разпространение и проч. | София |
| 300 ## - Физическа характеристика | |
| Страници | 193 с. |
| Илюстрации и др. | 1 л. портр. |
| Размери/Мащаб | 18 см |
| 380 ## - Жанр | |
| Жанр | Философия |
| 490 ## - СЕРИИ (Колекции) | |
| Име на серия | Библиотека Безсмъртни мисли |
| №: серия | № 10 |
| 9 (RLIN) | 206028 |
| 500 ## - Общи забележки | |
| Забележка | 5 000 тир. - Съдържа и Монтен / А. Жид с.13-44. |
| 600 14 - Име на лице, използвано като предмет | |
| За него / За нея | Монтен, Мишел дьо |
| 9 (RLIN) | 98988 |
| 650 #4 - Допълнително описание по предмет – тема | |
| Основно описание – тема или топоним | Философи, френски - биографии |
| 9 (RLIN) | 293812 |
| 650 #4 - Допълнително описание по предмет – тема | |
| Основно описание – тема или топоним | Писатели, френски |
| 9 (RLIN) | 249194 |
| 650 #4 - Допълнително описание по предмет – тема | |
| Основно описание – тема или топоним | Философия, френска |
| 9 (RLIN) | 250074 |
| 651 #4 - Допълнително описание по предмет - топоним | |
| Географско понятие | Франция |
| 9 (RLIN) | 179722 |
| 653 ## - Ключова дума – ненормативна | |
| Ключова дума | философи |
| 653 ## - Ключова дума – ненормативна | |
| Ключова дума | философска литература |
| 653 ## - Ключова дума – ненормативна | |
| Ключова дума | Мишел дьо Монтен |
| 700 1# - Други автори (авторска отговорност) | |
| Лично име | Жид, Андре |
| Автороска отговорност (Описва отношението между автора и произведението) | представени от |
| 9 (RLIN) | 371324 |
| 700 ## - Други автори (авторска отговорност) | |
| Лично име | Далчев, Атанас Христов |
| Дати, свързани с автора | 1904-1978 |
| Друга информация | Поет. Преводач от английски, френски, немски, испански, руски, гръцки и унгарски език. |
| 9 (RLIN) | 363753 |
| 700 1# - Други автори (авторска отговорност) | |
| Лично име | Арнаудов, Михаил Петров |
| 9 (RLIN) | 33558 |
| 852 ## - Местоположение | |
| Форматна сигнатура | Цб 1.180.7998 |
| Фондова буква | Основен фонд - ползва се само за читалня |
| 856 4# - Електронен адрес и достъп | |
| Електронен формат | pdf - файл |
| 856 4# - Електронен адрес и достъп | |
| Електронен формат | pdf - файл |
| 999 ## - СИСТЕМНИ КОНТРОЛНИ НОМЕРА | |
| Koha biblionumber | 133984 |
| Koha biblioitemnumber | 133984 |
| 942 ## - АРТИКУЛИ | |
| Вид на библиотечния материал | Книги |
| Скрит в OPAC | Не |
| Периодичен библиозапис | Да |
| 944 ## - СЪЗДАВАНЕ И РЕДАКЦИЯ на ЗАПИСА | |
| Създаване/Редакция | Създаване |
| Дата на регистрацията/редакция | 21.02.2013 |
| Статус, дата на статуса | CRON CRON |
| Служител, извършил регистрацията/редакцията | |
| 944 ## - СЪЗДАВАНЕ И РЕДАКЦИЯ на ЗАПИСА | |
| Създаване/Редакция | Редакция |
| Дата на регистрацията/редакция | 2021-03-15 |
| Служител, извършил регистрацията/редакцията | Кети |
| 999 ## - СИСТЕМНИ КОНТРОЛНИ НОМЕРА | |
| Koha biblioitemnumber | 133984 |
| 999 ## - СИСТЕМНИ КОНТРОЛНИ НОМЕРА | |
| Koha biblioitemnumber | 133984 |
| Код за отписване | Код за изгубен артикул | Източник на класификационната схема | Код за повреда | Коз за рестрикции | Код за отдаване | Артикулен № | Име на библиотеката - собственик | Име на библиотеката, в която се намира в момента | Статус (Текущо местоположение) | Дата на вписване в системата | Местоположение - отдел | Цена в лева | Инвентарен номер | Систематично азбучна сигнатура | Баркод | Номер на екземпляра | Цена в евро | Служебна бележка | Служебен тип на артикула |
|---|---|---|---|---|---|---|---|---|---|---|---|---|---|---|---|---|---|---|---|
| Не е изгубен | Universal Decimal Classification | Не е повреден | без рестрикции | ползва се в читалня | 218721 | Регионална библиотека "Любен Каравелов" Русе | Регионална библиотека "Любен Каравелов" Русе | Хранилище | 1942-01-01 | Основен фонд - ползва се само за читалня | 1.40 | 7700/57 | Цб 1.180.7998 | 900000038950 | 1 | 0.72 | N: стар фонд Дата: 01.01.1942 Дата инв: 07.04.2015 Бележки инв: О2015 | Книги | |
| Изтеглен | Не е изгубен | Universal Decimal Classification | Не е повреден | без рестрикции | ползва се в читалня | 218722 | Регионална библиотека "Любен Каравелов" Русе | Регионална библиотека "Любен Каравелов" Русе | Хранилище | 1942-01-01 | Основен фонд - ползва се само за читалня | 0.00 | 65815 | Цб 1.180.7998 | 65815 | 2 | 0.00 | N: стар фонд Дата: 01.01.1942 | Книги |
| Не е изгубен | Universal Decimal Classification | Не е повреден | само за читалня | ползва се в читалня | 842549 | Регионална библиотека "Любен Каравелов" Русе | Регионална библиотека "Любен Каравелов" Русе | Хранилище | 2021-07-12 | Основен фонд - ползва се само за читалня | 0.07 | 7998 | Цб 8.180.7998 | 900000068752 | 0.04 | Книги |